Deň Pánov

Podrobná bibliografia
Hlavný autor: Barna, Ján, 1973- (Autor)
Médium: Program E-kniha
Jazyk:slovenčina
PhysicalDescription:1 elektronický optický disk (CD-ROM) zvuk., fareb. 12 cm
Vydavateľské údaje: Bratislava Štúdio Nádej 2015
Predmet:

MARC

LEADER 00000nam a2200000 a 4500
001 vtls011468858
003 SK-MaSNL
005 20260301091722.0
007 co cga muuua
008 240318s2015 xo | s 000 0 slo
015 |a SNBS2017 
040 |a SNK  |b slo  |c SNK  |e AACR2 
041 0 |a slo 
044 |a xo  |c SK 
072 7 |a 27-1/-2  |x Kresťanská teológia. Dogmatická teológia  |2 konspekt 
080 |a 27-175.3  |2 2011 
080 |a 27-23  |2 2011 
080 |a 27-27  |2 2011 
080 |a (042.3)  |2 2011 
080 |a (0.034.44)  |2 2011 
100 1 |a Barna, Ján,  |d 1973-  |4 aut  |9 421434 
245 1 0 |a Deň Pánov  |h elektronický zdroj  |c Ján Barna 
246 3 3 |a Biblický týždeň 2015 
260 |a Bratislava  |b Štúdio Nádej  |c 2015 
300 |a 1 elektronický optický disk (CD-ROM)  |b zvuk., fareb.  |c 12 cm 
500 |a Názov z titulnej obrazovky 
516 |a Multimediálny dokument, súbory vo formáte pdf, html, MP3, jpeg a i. 
538 |a Technické požiadavky: PDF prehliadač, internetový prehliadač, multimediálny prehrávač, prehliadač obrázkov 
630 0 7 |a Biblia  |2 SNKPH  |9 17043 
630 0 7 |a Bible  |2 SNKPHeng  |9 276267 
650 0 7 |a biblistika  |2 SNKPH  |9 1798 
650 0 7 |a Biblistics  |2 SNKPHeng  |9 294649 
655 7 |a elektronické zdroje  |2 SNKPH  |9 90954 
655 7 |a CD-ROM  |2 SNKPH  |9 70236 
655 7 |a prednášky  |2 SNKPH  |9 70554 
655 7 |a Electronic resources  |2 SNKPHeng  |9 175546 
655 7 |a Lectures  |2 SNKPHeng  |9 294447 
958 |a NT 
999 |c 671969  |d 673899 
952 |a SNK  |b SNK  |y PREZ  |7 0  |p 17A1177380  |o snkSCDM 7204  |i snk2016/2029  |8 0  |0 0  |1 0  |4 0  |d 2016-01-26  |l 0  |r 2026-02-23 19:29:58  |w 2026-02-23